| 000 | 01581 a2200241 4500 | ||
|---|---|---|---|
| 003 | OSt | ||
| 005 | 20180116182835.0 | ||
| 008 | 160426b xxu||||| |||| 00| 0 eng d | ||
| 020 | _a1853260401 (paperback) | ||
| 020 | _a9781853260407 (paperback) | ||
| 040 | _c0 | ||
| 082 | 0 | 4 | _a813 |
| 100 | 1 | _aAlexandre Dumas. | |
| 245 | 1 | 4 |
_aThe three musketeers . _cAlexandre Dumas . |
| 250 | _aannotated edition ed. | ||
| 260 |
_a[S.l.] : _bWordsworth Editions Ltd, _c1997. |
||
| 300 |
_a592 p. ; _c20 cm. |
||
| 490 | 1 | _aWordsworth classics. | |
| 520 | _aIntroduction and Notes by Keith Wren, University of Kent at Canterbury A historical romance, The Three Musketeers tells the story of the early adventures of the young Gascon gentleman, D'Artagnan and his three friends from the regiment of the King's Musketeers - Athos, Porthos and Aramis. Under the watchful eye of their patron M. de Treville, the four defend the honour of the regiment against the guards of Cardinal Richelieu, and the honour of the queen against the machinations of the Cardinal himself as the power struggles of seventeenth century France are vividly played out in the background. But their most dangerous encounter is with the Cardinal's spy, Milady, one of literature's most memorable female villains, and Dumas employs all his fast-paced narrative skills to bring this enthralling novel to a breathtakingly gripping and dramatic conclusion. | ||
| 830 | 0 | _aWordsworth classics. | |
| 856 | 4 | 0 |
_3Amazon.com _uhttp://www.amazon.com/exec/obidos/ASIN/1853260401/chopaconline-20 |
| 942 |
_aNBS _cBK _k823 DUM _2ddc |
||
| 999 |
_c347032 _d347032 |
||